[Event "Titled Tuesday intern op 22nd Sept"]
[Site "Chess.com INT"]
[Date "2020.09.22"]
[Round "10"]
[White "Song, Michael"]
[Black "Sukandar, Irine Kharisma"]
[Result "0-1"]
[WhiteElo "2421"]
[BlackElo "2413"]
[PlyCount "44"]
[GameId "1565481509945344"]
[EventDate "2020.09.22"]
[EventType "swiss (blitz)"]
[EventRounds "10"]
[EventCountry "USA"]
[SourceTitle "CBM 198 Extra"]
[Source "ChessBase"]
[SourceDate "2020.11.30"]
[SourceVersion "1"]
[SourceVersionDate "2020.11.30"]
[SourceQuality "1"]

1. d4 Nf6 2. c4 c5 3. d5 b5 4. cxb5 a6 5. bxa6 Bxa6 6. Nc3 g6 7. e4 Bxf1 8. Kxf1 d6 9. Nf3 Bg7 10. g3 O-O 11. Kg2 Qb6 12. Qe2 Qa6 13. Re1 Nfd7 14. Bg5 Re8 15. Nd2 Ne5 16. Qxa6 Nxa6 17. Rab1 h6 18. Bf4 Nd3 19. Re3 Nab4 20. a3 Bxc3 21. axb4 Nxf4+ 22. gxf4 Bxd2 0-1

[Event "Titled Tuesday intern op 17th Nov"]
[Site "Chess.com INT"]
[Date "2020.11.17"]
[Round "1"]
[White "Song, Michael"]
[Black "Llanos, Guillermo"]
[Result "0-1"]
[WhiteElo "2421"]
[BlackElo "2297"]
[PlyCount "110"]
[GameId "1585794355593216"]
[EventDate "2020.11.17"]
[EventType "swiss (blitz)"]
[EventRounds "11"]
[EventCountry "USA"]
[SourceTitle "CBM 199 Extra"]
[Source "ChessBase"]
[SourceDate "2021.01.31"]
[SourceVersion "1"]
[SourceVersionDate "2021.01.31"]
[SourceQuality "1"]

1. d4 c5 2. d5 Nf6 3. Nc3 d6 4. e4 g6 5. Nf3 Bg7 6. Be2 O-O 7. O-O Na6 8. h3 Nc7 9. a4 a6 10. Bg5 Rb8 11. Qd2 b5 12. Qf4 b4 13. Nd1 Nh5 14. Qh4 f6 15. Be3 f5 16. exf5 Bxf5 17. g4 Be4 18. Nd2 Bf6 19. g5 Bxd5 20. Bxh5 Bg7 21. Bg4 e5 22. Qg3 Ne6 23. Bxe6+ Bxe6 24. Ne4 Qd7 25. Kh2 Rf5 26. Bxc5 dxc5 27. Nxc5 Qd5 28. Nxe6 Qxe6 29. Ne3 Rf4 30. Rad1 Rbf8 31. f3 e4 32. Nd5 Rxf3 33. Rxf3 exf3 34. Nf4 Qe3 35. Nd3 Qe2+ 36. Qf2 Qxd1 37. Kg3 Rf5 38. h4 Qe2 39. Kg4 Qxf2 40. Nxf2 Bd4 41. Nh3 f2 42. Nxf2 Bxf2 43. Kh3 Bd4 44. Kg2 Bxb2 45. Kg3 Rc5 46. Kf4 Rxc2 47. Ke4 b3 48. Kd3 Rc5 49. Ke4 Ra5 50. Kd3 Rxa4 51. Kd2 Rxh4 52. Kd3 Rg4 53. Ke3 Rxg5 54. Kd3 Rf5 55. Ke4 a5 0-1

[Event "Titled Tuesday intern op 22nd Dec"]
[Site "Chess.com INT"]
[Date "2020.12.22"]
[Round "3"]
[White "Song, Michael"]
[Black "Schrik, Rachid"]
[Result "1-0"]
[WhiteElo "2421"]
[BlackElo "2198"]
[PlyCount "99"]
[GameId "1598440688984064"]
[EventDate "2020.12.22"]
[EventType "swiss (blitz)"]
[EventRounds "11"]
[EventCountry "USA"]
[SourceTitle "CBM 199 Extra"]
[Source "ChessBase"]
[SourceDate "2021.01.31"]
[SourceVersion "1"]
[SourceVersionDate "2021.01.31"]
[SourceQuality "1"]

1. e4 c5 2. Nc3 Nc6 3. g3 g6 4. Bg2 Bg7 5. d3 d6 6. f4 e5 7. Nf3 Nge7 8. O-O O-O 9. f5 gxf5 10. Nh4 fxe4 11. dxe4 f6 12. Nf5 Bxf5 13. exf5 Kh8 14. Ne4 d5 15. Nc3 d4 16. Ne4 b6 17. Qh5 Qe8 18. Qh4 Rd8 19. g4 Nd5 20. Rf3 Ne3 21. Rh3 h6 22. Bxe3 dxe3 23. Rxe3 Nd4 24. Qf2 Qb5 25. c3 Nc6 26. b3 Rd7 27. Bf1 Qa5 28. Bc4 Rfd8 29. Ree1 Ne7 30. Qh4 b5 31. Be6 Rd3 32. Re2 Rxc3 33. Nxc3 Qxc3 34. Rae1 Qd4+ 35. Kg2 Nd5 36. Bxd5 Rxd5 37. Qg3 c4 38. bxc4 bxc4 39. Re4 Qd3 40. Qxd3 cxd3 41. Rd1 h5 42. Kf3 hxg4+ 43. Rxg4 Bh6 44. Rg6 Bf4 45. Rxf6 d2 46. Rc6 Rd3+ 47. Kf2 Rh3 48. f6 Rxh2+ 49. Kf3 Rh7 50. Rc8# 1-0

[Event "Titled Tuesday intern op 22nd Dec"]
[Site "Chess.com INT"]
[Date "2020.12.22"]
[Round "5"]
[White "Song, Michael"]
[Black "Walentukiewicz, Michal"]
[Result "1-0"]
[WhiteElo "2421"]
[BlackElo "2052"]
[PlyCount "33"]
[GameId "1598440690388992"]
[EventDate "2020.12.22"]
[EventType "swiss (blitz)"]
[EventRounds "11"]
[EventCountry "USA"]
[SourceTitle "CBM 199 Extra"]
[Source "ChessBase"]
[SourceDate "2021.01.31"]
[SourceVersion "1"]
[SourceVersionDate "2021.01.31"]
[SourceQuality "1"]

1. e4 g6 2. d4 Bg7 3. Nc3 c5 4. Nge2 cxd4 5. Nxd4 Nc6 6. Be3 Nf6 7. Bc4 O-O 8. Bb3 d6 9. f3 Nxd4 10. Bxd4 Be6 11. Qd2 Qa5 12. O-O Rfc8 13. Rae1 Bc4 14. Rf2 b5 15. Bxf6 Bxf6 16. Nd5 Bxd5 17. Qxa5 1-0

[Event "Titled Tuesday intern op 11th May"]
[Site "Chess.com INT"]
[Date "2021.05.11"]
[Round "1"]
[White "Rodrigues, Leonardo De Miranda"]
[Black "Song, Michael"]
[Result "0-1"]
[WhiteElo "2163"]
[BlackElo "2421"]
[PlyCount "76"]
[GameId "1649179181924352"]
[EventDate "2021.05.11"]
[EventType "swiss (blitz)"]
[EventRounds "11"]
[EventCountry "USA"]
[SourceTitle "CBM 202 Extra"]
[Source "ChessBase"]
[SourceDate "2021.07.31"]
[SourceVersion "1"]
[SourceVersionDate "2021.07.31"]
[SourceQuality "1"]

1. e4 c5 2. Nc3 e6 3. f4 Nc6 4. Nf3 d5 5. Bb5 d4 6. Ne2 Bd7 7. O-O Nge7 8. d3 a6 9. Bc4 b5 10. Bb3 Na5 11. c3 Nxb3 12. axb3 dxc3 13. bxc3 Nc6 14. Be3 Be7 15. d4 cxd4 16. cxd4 O-O 17. Ng3 Nb4 18. Ne5 Be8 19. f5 exf5 20. Nxf5 Bf6 21. Ng4 Bg5 22. Bf2 h5 23. Ne5 g6 24. Ng3 Rc8 25. d5 Bf6 26. Bd4 Nc2 27. Bb2 Ne3 28. Qf3 Nxf1 29. Rxf1 Qb6+ 30. Kh1 Bg7 31. Nxh5 gxh5 32. Qxh5 Rc2 33. Ba1 Qf2 34. Rg1 Qf4 35. Ng4 f5 36. Bxg7 Bxh5 37. Nf6+ Rxf6 38. Bxf6 fxe4 0-1

[Event "Titled Tuesday intern op 11th May"]
[Site "Chess.com INT"]
[Date "2021.05.11"]
[Round "4"]
[White "Song, Michael"]
[Black "Politov, Pavel Y"]
[Result "1-0"]
[WhiteElo "2421"]
[BlackElo "2190"]
[PlyCount "91"]
[GameId "1649179185053696"]
[EventDate "2021.05.11"]
[EventType "swiss (blitz)"]
[EventRounds "11"]
[EventCountry "USA"]
[SourceTitle "CBM 202 Extra"]
[Source "ChessBase"]
[SourceDate "2021.07.31"]
[SourceVersion "1"]
[SourceVersionDate "2021.07.31"]
[SourceQuality "1"]

1. e4 e5 2. Nc3 Nf6 3. f4 d5 4. fxe5 Nxe4 5. Nf3 Nxc3 6. dxc3 Be7 7. Bf4 O-O 8. Qd2 c5 9. O-O-O Be6 10. h4 Nc6 11. Ng5 c4 12. g3 Qa5 13. Kb1 b5 14. Bg2 b4 15. cxb4 Bxb4 16. c3 Rab8 17. cxb4 Nxb4 18. a3 Bf5+ 19. Ne4 dxe4 20. Be3 Nc6 21. Qxa5 Nxa5 22. Bc5 Rfc8 23. Bb4 Nc6 24. Bd6 Rb3 25. Rdf1 Rxg3 26. Rxf5 Rxg2 27. Rhf1 c3 28. bxc3 Nd8 29. e6 Nxe6 30. Rxf7 e3 31. Re7 e2 32. Re1 Nc5 33. R1xe2 Rxe2 34. Rxe2 Na4 35. Re7 Nxc3+ 36. Kb2 Nd5 37. Rxa7 Rd8 38. Be5 Re8 39. Rxg7+ Kf8 40. Rg5 Ne3 41. Bd4 Nc4+ 42. Kb3 Nd6 43. Bc5 Rb8+ 44. Kc3 Rc8 45. Kd4 Ke7 46. Rd5 1-0

[Event "Titled Tuesday intern op 11th May"]
[Site "Chess.com INT"]
[Date "2021.05.11"]
[Round "5"]
[White "Tashkov, Rumen"]
[Black "Song, Michael"]
[Result "0-1"]
[WhiteElo "2124"]
[BlackElo "2421"]
[PlyCount "68"]
[GameId "1649179185664000"]
[EventDate "2021.05.11"]
[EventType "swiss (blitz)"]
[EventRounds "11"]
[EventCountry "USA"]
[SourceTitle "CBM 202 Extra"]
[Source "ChessBase"]
[SourceDate "2021.07.31"]
[SourceVersion "1"]
[SourceVersionDate "2021.07.31"]
[SourceQuality "1"]

1. d4 Nf6 2. c4 c5 3. d5 e6 4. Nc3 exd5 5. cxd5 d6 6. g3 g6 7. Bg2 Bg7 8. Nf3 O-O 9. O-O Re8 10. Bf4 Ne4 11. Nxe4 Rxe4 12. Nd2 Rxf4 13. gxf4 Bxb2 14. Rb1 Bg7 15. Nc4 b5 16. Rxb5 Ba6 17. Qa4 Bxb5 18. Qxb5 Nd7 19. Nxd6 Nb6 20. Nb7 Qe7 21. d6 Qh4 22. e3 c4 23. d7 Bf6 24. Rd1 c3 25. d8=Q+ Bxd8 26. Nxd8 Rxd8 27. Rxd8+ Qxd8 28. Qc6 Qd1+ 29. Bf1 c2 30. Qe8+ Kg7 31. Qe5+ f6 32. Qe7+ Kh6 33. Qxf6 Qg4+ 34. Kh1 c1=Q 0-1

[Event "Titled Tuesday intern op 11th May"]
[Site "Chess.com INT"]
[Date "2021.05.11"]
[Round "9"]
[White "Song, Michael"]
[Black "Alavi, Sayed Javad"]
[Result "1/2-1/2"]
[WhiteElo "2421"]
[BlackElo "2445"]
[PlyCount "100"]
[GameId "1649179189223424"]
[EventDate "2021.05.11"]
[EventType "swiss (blitz)"]
[EventRounds "11"]
[EventCountry "USA"]
[SourceTitle "CBM 202 Extra"]
[Source "ChessBase"]
[SourceDate "2021.07.31"]
[SourceVersion "1"]
[SourceVersionDate "2021.07.31"]
[SourceQuality "1"]

1. d4 Nf6 2. c4 e6 3. Nc3 d5 4. cxd5 Nxd5 5. e4 Nxc3 6. bxc3 c5 7. Nf3 cxd4 8. cxd4 Bb4+ 9. Bd2 Bxd2+ 10. Qxd2 O-O 11. Be2 b6 12. O-O Bb7 13. Qf4 Nd7 14. Rfd1 Nf6 15. Bd3 Rc8 16. a4 Rc3 17. Rac1 Rxc1 18. Rxc1 h6 19. h4 Ba8 20. g4 Qb8 21. Ne5 Nd7 22. g5 Nxe5 23. dxe5 hxg5 24. hxg5 Rc8 25. Kg2 Rxc1 26. Qxc1 Qd8 27. Qe3 Bc6 28. Bc2 g6 29. f4 Qd7 30. Kg3 Bxa4 31. Bb1 Qd1 32. Bd3 Bc6 33. f5 Qh1 34. f6 Qh5 35. Be2 Qh1 36. Bf3 Qa1 37. Kf4 Qb2 38. Qd3 Qc1+ 39. Kg4 Qg1+ 40. Kh3 Qxg5 41. Qd8+ Kh7 42. Qc7 Qh6+ 43. Kg3 Be8 44. Qe7 Qg5+ 45. Kf2 Qd2+ 46. Kg3 Qg5+ 47. Bg4 Qe3+ 48. Kg2 Qd2+ 49. Kg3 Qe3+ 50. Bf3 Qg5+ 1/2-1/2

[Event "Titled Tuesday intern op 18th May"]
[Site "Chess.com INT"]
[Date "2021.05.18"]
[Round "1"]
[White "Lauridsen, Jesper Morch"]
[Black "Song, Michael"]
[Result "1-0"]
[WhiteElo "2215"]
[BlackElo "2421"]
[PlyCount "51"]
[GameId "1651696438153216"]
[EventDate "2021.05.18"]
[EventType "swiss (blitz)"]
[EventRounds "11"]
[EventCountry "USA"]
[SourceTitle "CBM 202 Extra"]
[Source "ChessBase"]
[SourceDate "2021.07.31"]
[SourceVersion "1"]
[SourceVersionDate "2021.07.31"]
[SourceQuality "1"]

1. e4 e5 2. Nf3 Nc6 3. d4 exd4 4. Bc4 Nf6 5. O-O Nxe4 6. Re1 d5 7. Bxd5 Qxd5 8. Nc3 Qd7 9. Nxe4 Be7 10. Bg5 O-O 11. Bxe7 Nxe7 12. Qxd4 Nf5 13. Qxd7 Bxd7 14. g4 Ne7 15. Nf6+ gxf6 16. Rxe7 Bxg4 17. Nd4 c5 18. Nb5 Bf3 19. Re3 Bc6 20. Nd6 Rfd8 21. Nf5 Kf8 22. Rae1 Rd2 23. h4 Rxc2 24. Ne7 Rxb2 25. Rg3 Ke8 26. Rg8+ 1-0

[Event "Titled Tuesday intern op 18th May"]
[Site "Chess.com INT"]
[Date "2021.05.18"]
[Round "3"]
[White "Song, Michael"]
[Black "Matveeva, Olga"]
[Result "1-0"]
[WhiteElo "2421"]
[BlackElo "2145"]
[PlyCount "97"]
[GameId "1651696440930304"]
[EventDate "2021.05.18"]
[EventType "swiss (blitz)"]
[EventRounds "11"]
[EventCountry "USA"]
[SourceTitle "CBM 202 Extra"]
[Source "ChessBase"]
[SourceDate "2021.07.31"]
[SourceVersion "1"]
[SourceVersionDate "2021.07.31"]
[SourceQuality "1"]

1. d4 Nf6 2. Bg5 d5 3. Bd2 e6 4. Nf3 Be7 5. a3 O-O 6. Bb4 Nbd7 7. Bxe7 Qxe7 8. e3 e5 9. Be2 exd4 10. exd4 Re8 11. Nc3 c6 12. O-O Ne4 13. Bd3 Ndf6 14. Ne2 Bg4 15. Ng3 Nxg3 16. hxg3 Qd7 17. Qd2 Bxf3 18. gxf3 Qh3 19. Rfe1 g6 20. Bf1 Qf5 21. Kg2 Kg7 22. Bd3 Qd7 23. Qf4 h5 24. Re5 Re6 25. Rae1 Rae8 26. Rxe6 Rxe6 27. Rxe6 Qxe6 28. Qb8 h4 29. gxh4 Nh5 30. Qe5+ Qxe5 31. dxe5 c5 32. Kh3 c4 33. Bf1 Kf8 34. Kg4 Ke7 35. f4 b5 36. Bg2 Ke6 37. Kg5 d4 38. Bc6 d3 39. cxd3 cxd3 40. Bxb5 d2 41. Be2 Ng7 42. Kg4 Nf5 43. Bd1 Nd4 44. b4 Kd5 45. Kg5 Ke6 46. a4 Kd5 47. Kf6 Ke4 48. Kxf7 Kxf4 49. e6 1-0

[Event "Titled Tuesday intern op 18th May"]
[Site "Chess.com INT"]
[Date "2021.05.18"]
[Round "4"]
[White "Starozhilov, Leonid"]
[Black "Song, Michael"]
[Result "1/2-1/2"]
[WhiteElo "2318"]
[BlackElo "2421"]
[PlyCount "115"]
[GameId "1651696442314752"]
[EventDate "2021.05.18"]
[EventType "swiss (blitz)"]
[EventRounds "11"]
[EventCountry "USA"]
[SourceTitle "CBM 202 Extra"]
[Source "ChessBase"]
[SourceDate "2021.07.31"]
[SourceVersion "1"]
[SourceVersionDate "2021.07.31"]
[SourceQuality "1"]

1. e4 c5 2. Nf3 e6 3. c4 Nc6 4. Nc3 d6 5. d4 cxd4 6. Nxd4 Nxd4 7. Qxd4 Nf6 8. Bg5 a6 9. Rd1 Be7 10. Be2 Qa5 11. Bd2 Qe5 12. Be3 Bd7 13. Qxe5 dxe5 14. a3 Bc6 15. f3 a5 16. Nb5 Bxb5 17. cxb5 O-O 18. Kf2 Rfd8 19. Rc1 Rdc8 20. Rhd1 Kf8 21. b6 Bd8 22. Bb5 Be7 23. g3 Ne8 24. Bxe8 Kxe8 25. Rc7 Rab8 26. Ke2 Bd8 27. Rxc8 Rxc8 28. Rd2 Rc6 29. Kd3 Bxb6 30. Bxb6 Rxb6 31. Rc2 Rd6+ 32. Ke2 Kd7 33. Rc3 b6 34. Ke3 f6 35. Ke2 g5 36. g4 h6 37. b3 Rd4 38. Rc2 Rd6 39. Rc3 Rc6 40. Rd3+ Kc7 41. Kd2 b5 42. Ke2 Rd6 43. Rc3+ Kb7 44. Rd3 Rxd3 45. Kxd3 Kc6 46. b4 axb4 47. axb4 Kd6 48. Ke3 Ke7 49. h3 Kf7 50. Kf2 Kg6 51. Kg3 f5 52. Kf2 Kf6 53. Ke3 Kg6 54. Kf2 h5 55. Kg3 h4+ 56. Kf2 Kf6 57. Ke3 f4+ 58. Kd3 1/2-1/2

[Event "Titled Tuesday intern op 18th May"]
[Site "Chess.com INT"]
[Date "2021.05.18"]
[Round "6"]
[White "Song, Michael"]
[Black "Langner, Ladislav"]
[Result "0-1"]
[WhiteElo "2421"]
[BlackElo "2380"]
[PlyCount "66"]
[GameId "1651696443559936"]
[EventDate "2021.05.18"]
[EventType "swiss (blitz)"]
[EventRounds "11"]
[EventCountry "USA"]
[SourceTitle "CBM 202 Extra"]
[Source "ChessBase"]
[SourceDate "2021.07.31"]
[SourceVersion "1"]
[SourceVersionDate "2021.07.31"]
[SourceQuality "1"]

1. d4 Nf6 2. Bg5 d5 3. Nd2 Nbd7 4. Ngf3 g6 5. e3 Bg7 6. h4 h6 7. Bf4 h5 8. Bd3 c5 9. c3 b6 10. O-O O-O 11. Ne5 Nxe5 12. Bxe5 Ne8 13. Bxg7 Nxg7 14. dxc5 bxc5 15. e4 d4 16. cxd4 cxd4 17. Nf3 Bg4 18. Be2 Bxf3 19. Bxf3 e5 20. g3 Qb6 21. b3 Rac8 22. Be2 Rc3 23. Bc4 Ne8 24. Rc1 Nd6 25. Rxc3 dxc3 26. Bd5 Rc8 27. Qc2 Nb5 28. Kg2 Nd4 29. Qc1 c2 30. Bc4 Qb4 31. f4 Rxc4 32. bxc4 Qxc4 33. Qd2 Ne2 0-1

[Event "Titled Tuesday intern op 22nd June"]
[Site "Chess.com INT"]
[Date "2021.06.22"]
[Round "3"]
[White "Song, Michael"]
[Black "Mekhitarian, Krikor Sevag"]
[Result "0-1"]
[WhiteElo "2421"]
[BlackElo "2554"]
[PlyCount "42"]
[GameId "1664377430761472"]
[EventDate "2021.06.22"]
[EventType "swiss (blitz)"]
[EventRounds "11"]
[EventCountry "USA"]
[SourceTitle "CBM 203 Extra"]
[Source "ChessBase"]
[SourceDate "2021.09.30"]
[SourceVersion "1"]
[SourceVersionDate "2021.09.30"]
[SourceQuality "1"]

1. d4 Nf6 2. c4 g6 3. Nc3 d5 4. Nf3 Bg7 5. h4 dxc4 6. e4 b5 7. e5 Nd5 8. Nxb5 Nb6 9. h5 O-O 10. hxg6 fxg6 11. Bh6 Bxh6 12. Rxh6 Bg4 13. Be2 Nc6 14. Rh4 Qd7 15. Ng5 Bxe2 16. Qxe2 Qf5 17. f4 a6 18. g4 Qxf4 19. Rxh7 Qxg5 20. Qh2 Qe3+ 21. Kd1 Rf1+ 0-1

[Event "Titled Tuesday intern op 20th July"]
[Site "Chess.com INT"]
[Date "2021.07.20"]
[Round "1"]
[White "Fajdetic, Hrvoje"]
[Black "Song, Michael"]
[Result "0-1"]
[WhiteElo "2151"]
[BlackElo "2421"]
[PlyCount "42"]
[GameId "1674538343698432"]
[EventDate "2021.07.20"]
[EventType "swiss (blitz)"]
[EventRounds "11"]
[EventCountry "USA"]
[SourceTitle "CBM 203 Extra"]
[Source "ChessBase"]
[SourceDate "2021.09.30"]
[SourceVersion "1"]
[SourceVersionDate "2021.09.30"]
[SourceQuality "1"]

1. d4 Nf6 2. Bf4 d5 3. e3 e6 4. Nf3 c5 5. Nc3 a6 6. Ne5 Nc6 7. Ne2 Bd6 8. c3 O-O 9. Ng3 Ne7 10. Bd3 b5 11. Bg5 Ng6 12. f4 Qc7 13. Nh5 Ne4 14. Bxe4 dxe4 15. Nxg6 fxg6 16. Ng3 h6 17. Bh4 Bxf4 18. Nxe4 Bxe3 19. Nxc5 Qf4 20. Bg3 Bf2+ 21. Ke2 Qe3+ 0-1

[Event "Titled Tuesday intern op 20th July"]
[Site "Chess.com INT"]
[Date "2021.07.20"]
[Round "3"]
[White "Hoffmann, Asa"]
[Black "Song, Michael"]
[Result "0-1"]
[WhiteElo "2185"]
[BlackElo "2421"]
[PlyCount "86"]
[GameId "1674538345979904"]
[EventDate "2021.07.20"]
[EventType "swiss (blitz)"]
[EventRounds "11"]
[EventCountry "USA"]
[SourceTitle "CBM 203 Extra"]
[Source "ChessBase"]
[SourceDate "2021.09.30"]
[SourceVersion "1"]
[SourceVersionDate "2021.09.30"]
[SourceQuality "1"]

1. d4 c5 2. dxc5 e6 3. Nc3 Nf6 4. e4 Bxc5 5. e5 Ng8 6. Qg4 Bf8 7. Bd3 d5 8. exd6 Nf6 9. Qg3 Bxd6 10. Qxg7 Rg8 11. Qh6 Rxg2 12. Bg5 Nbd7 13. Nf3 Qb6 14. O-O-O Ng4 15. Qxh7 Nxf2 16. Ne4 Nxe4 17. Bxe4 Nf8 18. Qh3 Rxg5 19. Nxg5 Bf4+ 20. Kb1 Bxg5 21. Rhf1 Qc7 22. Qh5 Bf4 23. Qg4 e5 24. Bf5 Bxf5 25. Qxf5 Rd8 26. Rde1 Ne6 27. Rxf4 exf4 28. Rxe6+ fxe6 29. Qxe6+ Qe7 30. Qg6+ Kd7 31. a3 Kc8 32. Qf5+ Qd7 33. Qxf4 Qd1+ 34. Ka2 Qd5+ 35. b3 Qd4 36. Qf5+ Kb8 37. h4 a6 38. h5 Re8 39. h6 Re1 40. b4 Ra1+ 41. Kb3 Rb1+ 42. Ka4 Ka7 43. h7 b5+ 0-1

[Event "Titled Tuesday intern op 10th Aug"]
[Site "Chess.com INT"]
[Date "2021.08.10"]
[Round "5"]
[White "Song, Michael"]
[Black "Chasin, Nico Werner"]
[Result "1-0"]
[WhiteElo "2421"]
[BlackElo "2297"]
[PlyCount "53"]
[GameId "1682153670123520"]
[EventDate "2021.08.10"]
[EventType "swiss (blitz)"]
[EventRounds "11"]
[EventCountry "USA"]
[SourceTitle "CBM 203 Extra"]
[Source "ChessBase"]
[SourceDate "2021.09.30"]
[SourceVersion "1"]
[SourceVersionDate "2021.09.30"]
[SourceQuality "1"]

1. d4 Nf6 2. Bg5 d5 3. Nd2 Nbd7 4. e3 h6 5. Bh4 c5 6. c3 e6 7. Ngf3 Be7 8. Bd3 O-O 9. O-O b6 10. Ne5 Nxe5 11. dxe5 Nd7 12. Bxe7 Qxe7 13. f4 f6 14. exf6 Rxf6 15. e4 Bb7 16. e5 Rff8 17. Qg4 Rfd8 18. Nf3 Nf8 19. Nh4 Bc8 20. Ng6 Nxg6 21. Qxg6 Qf7 22. Qh7+ Kf8 23. f5 Qg8 24. fxe6+ Ke7 25. Rf7+ Kxe6 26. Qg6+ Kxe5 27. Re1# 1-0

[Event "Titled Tuesday intern op 10th Aug"]
[Site "Chess.com INT"]
[Date "2021.08.10"]
[Round "6"]
[White "Song, Michael"]
[Black "Ivanchuk, Vassily"]
[Result "1-0"]
[WhiteElo "2421"]
[BlackElo "2678"]
[PlyCount "103"]
[GameId "1682153671630848"]
[EventDate "2021.08.10"]
[EventType "swiss (blitz)"]
[EventRounds "11"]
[EventCountry "USA"]
[SourceTitle "CBM 203 Extra"]
[Source "ChessBase"]
[SourceDate "2021.09.30"]
[SourceVersion "1"]
[SourceVersionDate "2021.09.30"]
[SourceQuality "1"]

1. d4 Nf6 2. Bg5 e6 3. Nd2 c5 4. e3 b6 5. Ngf3 Bb7 6. Bd3 Be7 7. O-O O-O 8. a4 a6 9. Qe2 d6 10. c3 cxd4 11. exd4 Nbd7 12. Rfe1 Nd5 13. Bxe7 Qxe7 14. g3 Rfe8 15. Nc4 Rac8 16. Ne3 Nxe3 17. Qxe3 Nf6 18. Nd2 Qc7 19. Ne4 Nd5 20. Qe2 Ra8 21. Nd2 h6 22. Be4 Nf6 23. Bxb7 Qxb7 24. Qf3 Qc7 25. Ne4 Nd5 26. h4 b5 27. Nd2 Rab8 28. axb5 axb5 29. Rec1 Ra8 30. Rxa8 Rxa8 31. b3 Ra3 32. Qd3 Qc6 33. c4 bxc4 34. Qxc4 Qe8 35. Ne4 Qe7 36. Qc8+ Kh7 37. Qb8 Qa7 38. Qxa7 Rxa7 39. Nxd6 Rd7 40. Ne4 Nc7 41. Rc4 Nb5 42. Nc5 Rxd4 43. Rxd4 Nxd4 44. b4 Kg6 45. Kg2 Kf5 46. f3 Ke5 47. Nd3+ Kd5 48. Nf4+ Kc4 49. Nh5 g6 50. Nf6 Kxb4 51. Ng4 h5 52. Ne5 1-0

[Event "Titled Tuesday intern op 24th Aug"]
[Site "Chess.com INT"]
[Date "2021.08.24"]
[Round "5"]
[White "Song, Michael"]
[Black "Terletsky, Oleg"]
[Result "1-0"]
[WhiteElo "2421"]
[BlackElo "2191"]
[PlyCount "97"]
[GameId "1687224241188864"]
[EventDate "2021.08.24"]
[EventType "swiss (blitz)"]
[EventRounds "11"]
[EventCountry "USA"]
[SourceTitle "EXT 2022"]
[Source "ChessBase"]
[SourceDate "2021.10.06"]
[SourceVersion "1"]
[SourceVersionDate "2021.10.06"]
[SourceQuality "1"]

1. d4 Nf6 2. Bg5 g6 3. Nd2 d5 4. e3 Bg7 5. Ngf3 O-O 6. Be2 h6 7. Bh4 c5 8. O-O Nc6 9. c3 cxd4 10. exd4 g5 11. Bg3 Nh5 12. Bd3 f6 13. Re1 Nxg3 14. hxg3 e5 15. dxe5 fxe5 16. Qb3 Na5 17. Qb4 e4 18. Nxe4 dxe4 19. Bxe4 Nc6 20. Qc4+ Kh8 21. Rad1 Qf6 22. Rd2 Be6 23. Qb5 Rad8 24. Rde2 Bc8 25. Bc2 a6 26. Qc4 Bf5 27. Bxf5 Qxf5 28. g4 Qd5 29. Qa4 Rd7 30. a3 Rdf7 31. Re4 Qb5 32. Qc2 Qd5 33. Rd1 Qc5 34. Rde1 b5 35. Re6 Nd8 36. Rxa6 Rf4 37. Qg6 Rxg4 38. Re8 Rxe8 39. Qxe8+ Qf8 40. Qxf8+ Bxf8 41. Ra8 Be7 42. Ne5 Rf4 43. Ng6+ Kg7 44. Nxe7 Ne6 45. Nd5 Re4 46. Ne3 Nf4 47. Rb8 Nd3 48. Rxb5 h5 49. Rxg5+ 1-0

[Event "Titled Tuesday intern op 24th Aug"]
[Site "Chess.com INT"]
[Date "2021.08.24"]
[Round "7"]
[White "Song, Michael"]
[Black "Quinones, Cesar Luis"]
[Result "1-0"]
[WhiteElo "2421"]
[BlackElo "2154"]
[PlyCount "109"]
[GameId "1687224242946048"]
[EventDate "2021.08.24"]
[EventType "swiss (blitz)"]
[EventRounds "11"]
[EventCountry "USA"]
[SourceTitle "EXT 2022"]
[Source "ChessBase"]
[SourceDate "2021.10.06"]
[SourceVersion "1"]
[SourceVersionDate "2021.10.06"]
[SourceQuality "1"]

1. d4 d5 2. c4 c6 3. Nf3 Nf6 4. e3 e6 5. b3 Bd6 6. Bb2 O-O 7. Nbd2 Nbd7 8. Bd3 Qe7 9. e4 dxe4 10. Nxe4 Nxe4 11. Bxe4 Nf6 12. Bc2 Ba3 13. Bxa3 Qxa3 14. O-O Rd8 15. Qc1 Qxc1 16. Raxc1 a5 17. h3 b6 18. Rfd1 Bb7 19. c5 b5 20. g4 h6 21. Kh2 Rd5 22. Kg3 Rad8 23. Re1 R5d7 24. h4 Nd5 25. Be4 Ne7 26. g5 hxg5 27. hxg5 g6 28. Rh1 Kg7 29. Rh2 Rh8 30. Rxh8 Kxh8 31. Kf4 Kg7 32. Ke3 Rd8 33. Ne5 Rh8 34. Rh1 Rxh1 35. Bxh1 f6 36. gxf6+ Kxf6 37. Be4 g5 38. f4 gxf4+ 39. Kxf4 Nd5+ 40. Bxd5 exd5 41. a3 Ke6 42. Kg5 Ke7 43. Kg6 Kd8 44. Kf6 Kc7 45. Ke7 Bc8 46. b4 axb4 47. axb4 Bf5 48. Nf7 Bh3 49. Ng5 Bg4 50. Ne6+ Kb7 51. Kd6 Bxe6 52. Kxe6 Kc7 53. Ke7 Kb7 54. Kd6 Ka6 55. Kxc6 1-0

[Event "Titled Tuesday intern op 04th Jan"]
[Site "Chess.com INT"]
[Date "2022.01.04"]
[Round "1"]
[White "Song, Michael"]
[Black "Wieczorek, Zbigniew"]
[Result "1/2-1/2"]
[WhiteElo "2410"]
[BlackElo "2155"]
[PlyCount "133"]
[GameId "1735454116986880"]
[EventDate "2022.01.04"]
[EventType "swiss (blitz)"]
[EventRounds "11"]
[EventCountry "USA"]
[SourceTitle "EXT 2023"]
[Source "ChessBase"]
[SourceDate "2022.10.05"]
[SourceVersion "1"]
[SourceVersionDate "2022.10.05"]
[SourceQuality "1"]

1. d4 Nf6 2. Bf4 d6 3. Nf3 g6 4. Nc3 Bg7 5. e4 O-O 6. Qd2 Bg4 7. Be2 Bxf3 8. Bxf3 Nc6 9. Be3 e5 10. d5 Nd4 11. Be2 c5 12. O-O a6 13. Rae1 Nd7 14. Bd1 f5 15. f3 f4 16. Bf2 Bf6 17. Nb1 Nb5 18. a4 Nc7 19. a5 Bh4 20. Na3 Bxf2+ 21. Rxf2 b5 22. axb6 Nxb6 23. c3 Nb5 24. Nc2 Qc7 25. Be2 Na4 26. Rb1 Rfb8 27. Bxb5 axb5 28. b3 Nb6 29. g3 c4 30. b4 g5 31. gxf4 gxf4 32. Rg2+ Kh8 33. Kh1 Rg8 34. Rbg1 Na4 35. Qe1 Qe7 36. Rxg8+ Rxg8 37. Rxg8+ Kxg8 38. Na3 Qd7 39. Kg2 h6 40. Kf2 Qa7+ 41. Kf1 Qb6 42. Qd2 Kh7 43. Ke2 Qg1 44. Nxb5 Qg2+ 45. Kd1 Qxf3+ 46. Kc1 Qxe4 47. Nxd6 Qh1+ 48. Qd1 Qxd1+ 49. Kxd1 Nxc3+ 50. Kd2 Nxd5 51. b5 Kg6 52. Nxc4 Kf6 53. b6 Nxb6 54. Nxb6 e4 55. Ke2 Kg5 56. Nd5 Kg4 57. Kf2 e3+ 58. Kg1 Kh3 59. Nxf4+ Kg4 60. Nd3 Kf3 61. Kf1 e2+ 62. Ke1 Kg2 63. h4 Kg3 64. Kxe2 Kxh4 65. Kf3 Kg5 66. Nf4 h5 67. Nxh5 1/2-1/2